|
|
|
|
| LEADER |
01563nam a2200409 a 4500 |
| 001 |
EBC510395 |
| 003 |
MiAaPQ |
| 005 |
20200520144314.0 |
| 006 |
m o d | |
| 007 |
cr cn||||||||| |
| 008 |
091026s2009 cauab sb 000 0 eng |
| 010 |
|
|
|z 2009041685
|
| 020 |
|
|
|z 9780833048868 (pbk. : alk. paper)
|
| 020 |
|
|
|z 0833048864 (pbk. : alk. paper)
|
| 035 |
|
|
|a (MiAaPQ)EBC510395
|
| 035 |
|
|
|a (Au-PeEL)EBL510395
|
| 035 |
|
|
|a (CaPaEBR)ebr10375779
|
| 035 |
|
|
|a (OCoLC)593295890
|
| 040 |
|
|
|a MiAaPQ
|c MiAaPQ
|d MiAaPQ
|
| 041 |
0 |
|
|a eng
|a heb
|
| 043 |
|
|
|a a-is---
|
| 050 |
|
4 |
|a HD9581.I772
|b N38 2009
|
| 082 |
0 |
4 |
|a 333.8/233095694
|2 22
|
| 245 |
0 |
0 |
|a Natural gas and Israel's energy future
|h [electronic resource] :
|b near-term decisions from a strategic perspective /
|c Steven W. Popper ... [et al.].
|
| 260 |
|
|
|a Santa Monica, CA :
|b RAND,
|c 2009.
|
| 300 |
|
|
|a xxvi, 68, 67, xxiv p. :
|b ill. (chiefly col.), col. maps.
|
| 504 |
|
|
|a Includes bibliographical references.
|
| 533 |
|
|
|a Electronic reproduction. Ann Arbor, MI : ProQuest, 2015. Available via World Wide Web. Access may be limited to ProQuest affiliated libraries.
|
| 546 |
|
|
|a English and Hebrew.
|
| 650 |
|
0 |
|a Gas industry
|z Israel.
|
| 650 |
|
0 |
|a Natural gas reserves
|z Israel
|x Forecasting.
|
| 650 |
|
0 |
|a Energy policy
|z Israel.
|
| 650 |
|
0 |
|a Strategic materials
|z Israel.
|
| 655 |
|
4 |
|a Electronic books.
|
| 700 |
1 |
|
|a Popper, Steven W.,
|d 1953-
|
| 710 |
2 |
|
|a ProQuest (Firm)
|
| 856 |
4 |
0 |
|u https://ebookcentral.proquest.com/lib/matrademy/detail.action?docID=510395
|z Click to View
|